| 000 | 00432nam a22001337a 4500 | ||
|---|---|---|---|
| 020 | _a0-87671-558-7 | ||
| 082 |
_a658.00216 _bROS |
||
| 100 |
_aRossnagel, W.B _944532 |
||
| 245 |
_aChecklist for management engineering electrical and electronic checklists/ _cRossnagel, W.B |
||
| 260 |
_aNew York, _bThe macmillan press ltd _c1971. |
||
| 300 |
_a172p.: _bill,; _c10 cm. |
||
| 526 |
_a0 _b0 _c0 _d658_002160000000000_ROS |
||
| 942 |
_2ddc _cBK |
||
| 999 |
_c548303 _d548303 |
||